Chong lou quai ren . The hunchback of Notre Dame
| Main Author: | |
|---|---|
| Format: | Book |
| Published: |
s.l. :
Chinese Holding Pte Ltd ,
2006
|
| Subjects: |
MARC
| LEADER | 00000cam a2200000 7i4500 | ||
|---|---|---|---|
| 001 | 0000113815 | ||
| 005 | 20250902160322.0 | ||
| 020 | |a 9789861276366 | ||
| 090 | 0 | 0 | |a JFM |b HUG |
| 100 | 1 | |a Hugo, Victor | |
| 245 | 1 | 0 | |a Chong lou quai ren . |p The hunchback of Notre Dame |c Victor Hugo |
| 260 | |a s.l. : |b Chinese Holding Pte Ltd , |c 2006 | ||
| 300 | |a 243p. ; |c 21cm. | ||
| 650 | 0 | 0 | |a Children's stories, Chinese |
| 650 | 0 | 0 | |a Chinese fiction |
| 650 | 0 | 0 | |a Chinese language |
| 999 | |a 00207100 |b BUKU |c JUNIOR FICTION MANDARIN COLLECTION |e PERPUSTAKAAN KOMUNITI PETALING JAYA | ||